Donnert, Erich, 1928-. Schwärmerei und Aufklärung. - Frankfurt am Main [u.a.]: Lang. - 2010 [Rezension]
| Titel: | Donnert, Erich, 1928-. Schwärmerei und Aufklärung. - Frankfurt am Main [u.a.]: Lang. - 2010 [Rezension] |
|---|---|
| Verfasser: | |
| In: |
Jahrbuch für Regionalgeschichte, Band 31 (2013), Seite 176-178 alle Artikel anzeigen |
| Veröffentlicht: | 2013 |
| Format: | Aufsatz |
| Sprache: | Deutsch |
X
alg: 39514781
001A $01999:12-11-16
001B $01999:09-08-21 $t17:41:04.000
001D $01999:12-11-16
001U $0utf8
001X $00
002@ $0Aox
003@ $0395147816
007A $0395147816 $aHEB
007T $0Herdc0110265m
010@ $ager
011@ $a2013
013D $#Newspapers Sections, columns, etc. Reviews $#Book reviewing $#Journaux Cahiers, chroniques, etc. Comptes rendus $#Livres Recension $#Rezension $#Buchbesprechung $#Buchrezension $#Buchkritik $74049712-4 $8Rezension [Ts1] $9085138568
021A $aDonnert, Erich, 1928-. Schwärmerei und Aufklärung. - Frankfurt am Main {[u.a.]: Lang. - 2010 [Rezension]
028A $aMetzger $dTanja
031A $d31 $h176-178 $j2013
039B $aIn $8--Abvc--. Jahrbuch für Regionalgeschichte. - Stuttgart : Steiner, 1965-. - ISSN 1860-8248 $x201300000310000824 $9046840451
039T $8--Aau--Donnert, Erich$Z1928-2016 [Tp1]. Schwärmerei und Aufklärung. - Frankfurt am Main {[u.a.]: Lang, 2010. - 383 S.. - zahlr. Ill.. - ISBN 978-3-631-59699-9 $9221655271
045F $a900.94796 $eDDC23BSB
045F/01 $a900
045F/03 $g4796
045T $a8,1
lok: 39514781 78
exp: 39514781 78 1 #EPN
201B/01 $018-11-16 $t13:53:33.000
201U/01 $0utf8
203@/01 $0791446549
208@/01 $a12-11-16 $be
209A/01 $a/ $f000 $x00
220C/01 $aTitelaufnehmer: pg
220C/01 $aHerkunft: HI Marburg
244Z/01 $2Trx $#Latvija $#Lettland $#Łotwa $#Lotyšsko $8--Trx--Latvija $x01 $9391275879
244Z/01 $2Trx $#arvustused $#recenzijos $#Reviews $#recenziók $#recenzje $#recenzie $#recenze $8--Trx--Rezensionen $x02 $9391357441
247C/01 $82080>Marburg/Lahn, Herder-Institut, Forschungsbibliothek, Bibliographieportal $9336309341
| LEADER | 00000caa a22000002c 4500 | ||
|---|---|---|---|
| 001 | 395147816 | ||
| 003 | DE-603 | ||
| 005 | 20210809174104.0 | ||
| 007 | tu | ||
| 008 | 161112s2013 xx |||| | u00||u|ger c | ||
| 035 | |a (DE-599)HEB395147816 | ||
| 040 | |a DE-603 |b ger |c DE-603 |d DE-603 | ||
| 041 | |a ger | ||
| 082 | 0 | 4 | |8 1\u |a 900.94796 |q DE-101 |2 23/BSB |
| 084 | |a 8,1 |2 ssgn | ||
| 085 | |8 1\u |b 900 | ||
| 085 | |8 1\u |z 2 |s 4796 | ||
| 100 | 1 | |a Metzger, Tanja | |
| 245 | 0 | 0 | |a Donnert, Erich, 1928-. Schwärmerei und Aufklärung. - Frankfurt am Main [u.a.]: Lang. - 2010 [Rezension] |
| 264 | 0 | |c 2013 | |
| 655 | 7 | |a Rezension |2 gnd-content |0 (DE-588)4049712-4 |0 (DE-603)085138568 | |
| 773 | 0 | 8 | |i In |t Jahrbuch für Regionalgeschichte |d Stuttgart : Steiner, 1965- |x 1860-8248 |g Band 31 (2013), Seite 176-178 |w (DE-603)046840451 |w (DE-600)2629-3 |
| 787 | 0 | 8 | |i Rezension von |a Donnert, Erich, 1928-2016 |t Schwärmerei und Aufklärung |d Frankfurt am Main [u.a.]: Lang, 2010 |h 383 S., zahlr. Ill. |z 9783631596999 |w (DE-603)221655271 |
| 924 | 0 | |9 2080 |a (DE-603)791446549 |b DE-2080 |c HES |d d |g / | |


